banner-ar

الديانة المصرية القديمة / (Record no. 63474)

MARC details
000 -الفاتح
حقل البيانات ثابتة الطول 01236nam a22002537a 4500
005 - وقت وتاريخ اخر تعامل مع التسجيلة
رقم الضبط 20240530110643.0
008 - عناصر البيانات ثابتة الطول - معلومات عامة
حقل البيانات ثابتة الطول 141231s2009 ua po f b 000 0 ara d
040 ## - مصدر الفهرسة
وكالة الفهرسة الأصلية EG-CaGPL
041 0# - رمز اللغة
رمز لغة النص/ المسارات الصوتية أو العنوان الانفرادي ara
082 04 - رقم تصنيف ديوى العشرى
رقم الطبعة 21
رقم التصنيف 200.901232\
رقم المادة ق/ع د
100 0# - المدخل الرئيسى - إسم شخصى
الإسم الشخصى عبدالحليم نورالدين
245 12 - بيان العنوان
العنوان الديانة المصرية القديمة /
بيان المسئوليه,etc عبدالحليم نورالدين .
رقم الجزء/قسم العمل الجزء الاول :
اسم جزء/قسم العمل المعبودات -
رقم الجزء/قسم العمل الجزء الثانى :
اسم جزء/قسم العمل الفكر الدينى -
رقم الجزء/قسم العمل الجزء الثالث :
اسم جزء/قسم العمل الفكر الدينى : خلق الكون ، الاساطير ، العالم الاخر و الكتب الدينية
250 ## - بيان الطبعة
بيان الطبعة ط1
260 ## - PUBLICATION, DISTRIBUTION, ETC. (IMPRINT)
تاريخ النشر أو التوزيع 2009
300 ## - الوصف المادى
التعداد 600 ص :
تفاصيل ماديه اخرى للوعاء صور ؛
أبعاد الوعاء 24 سم
504 ## - تبصرة ببليوجرافية
تبصرة ببليوجرافية,الخ ببليوجرافية : ص 551 - 590
650 04 - المدخل الاضافى بالموضوع-مصطلح موضوعى
مصطلح موضوعي الديانات المصرية القديمة
650 04 - المدخل الاضافى بالموضوع-مصطلح موضوعى
مصطلح موضوعي الديانة الاتونية
650 04 - المدخل الاضافى بالموضوع-مصطلح موضوعى
مصطلح موضوعي الديانات المصرية القديمة
التقسيم الفرعي العام الرموز الدينية
650 04 - المدخل الاضافى بالموضوع-مصطلح موضوعى
مصطلح موضوعي الاساطير الدينية
650 04 - المدخل الاضافى بالموضوع-مصطلح موضوعى
مصطلح موضوعي الديانات القديمة
942 ## - عناصر المدخل الإضافي( كوها)
مصدر التصنيف او مخطط الترفيف Dewey Decimal Classification
Koha [default] item type كتاب
260 ## - PUBLICATION, DISTRIBUTION, ETC. (IMPRINT)
-- القاهرة :
-- الاقصى للطباعة والتجارة والتوريدات ،
Holdings
حالة التراجع حالة الفقد حالة تلف ليس للاعارة المكان المؤقت الموقع الحالى موقع الترفيف تاريخ الاكتساب اجمالي اﻻعارات رقم الطلب الباركود تاريخ اخر مشاهدة تاريخ تفعيل السعر نوع وعاء كوها
        مكتبة القاهرة الكبرى مكتبة القاهرة الكبرى   10/25/2017   200.901232\ ق/ع د ج 1 163521 10/25/2017 10/25/2017 كتاب
        مكتبة القاهرة الكبرى مكتبة القاهرة الكبرى   10/25/2017   200.901232\ ق/ع د ج 2 163522 10/25/2017 10/25/2017 كتاب
        مكتبة القاهرة الكبرى مكتبة القاهرة الكبرى   10/25/2017   200.901232\ ق/ع د ج 3 163523 10/25/2017 10/25/2017 كتاب

Powered By

EGPV